MANGIUM and other fast-growing acacias for the humid tropics : report of an ad hoc panel of the Advisory Committee on Technology Innovation, Board on Science and Technology for International Development, Office of International Affairs, National Research Council, in cooperation with the Pusat Penyelidikan Hutan, Sandakan, Sabah, Malaysia

Bibliographic Details
Corporate Author: Institut Penyelidikan Perhutanan Malaysia (FRIM)
Format: Book
Published: Washington, D.C. : National Academy Press , 1983
Series:Innovations in tropical reforestation
Subjects:

MARC

LEADER 00000cam a2200000 7i4500
001 0000001633
005 20010903.0
090 0 0 |a 634.973321   |b MAN 1983 
245 0 0 |a MANGIUM and other fast-growing acacias for the humid tropics : report of an ad hoc panel of the Advisory Committee on Technology Innovation, Board on Science and Technology for International Development, Office of International Affairs, National Research Council, in cooperation with the Pusat Penyelidikan Hutan, Sandakan, Sabah, Malaysia 
260 0 0 |a Washington, D.C. :   |b National Academy Press ,   |c 1983 
300 |a ix, 62 p. :   |b ill. ;   |c 23 cm. 
440 0 0 |a Innovations in tropical reforestation 
500 0 0 |a Bibliography: p. 47-49 
650 0 0 |a Acacia   |z Australasia 
650 0 0 |a Fast growing trees   |x Tropics 
650 0 0 |a Mangium   |z Asia, Southeastern 
650 0 0 |a Mangium   |z Australasia 
650 0 0 |a Reforestation   |x Tropics 
710 1 1 |a Institut Penyelidikan Perhutanan Malaysia (FRIM) 
998 |a JPSM 
999 |a 0000002649   |b Monograph   |c Open Shelf   |e Default branch 
999 |a 0000004139   |b Monograph   |c Open Shelf   |e Default branch